000 00400nam a22000977a 4500
082 _a346.73066
_bCOR
245 _aCorporate Law Decisions [CLD] 2002:
_bcases on company, banking, insurance, intellectual property laws and monopoly control law with relevant current statutes /
_cEdited by Muhammad Anwar Khokhar
260 _aLahore :
_bP.L.D Publishers,
_c2002.
300 _aVolumes
942 _2ddc
_cCR
_s1
999 _c592001
_d592001